El Cuauhtémoc de plata /

Uloženo v:
Podrobná bibliografie
Hlavní autor: Márquez, Velia (autor)
Další autoři: Carballo, Emmanuel (prólogo) (prólogo)
Médium: Kniha
Jazyk:španělština
Vydáno: México : Andrea, 1962, c1962
Edice:(Los Presentes ; 87)
Témata:
Tagy: Přidat tag
Žádné tagy, Buďte první, kdo vytvoří štítek k tomuto záznamu!

MARC

LEADER 00000nam^a2200000^a^4500
001 000139728
005 20250521000000.0
009 20260310095515.232
037 |a Acervo ITESO - Biblioteca 
041 |a ESP 
082 |a 863.  |b MAR 
100 |a Márquez, Velia  |e (autor) 
245 1 3 |a El Cuauhtémoc de plata /  |c V. Márquez ; pról. de E. Carballo. 
264 4 |a México :  |b Andrea,  |c 1962, c1962 
300 |a 121 p. 
336 |a texto  |b txt  |2 rdacontenido 
337 |a sin mediación  |b n  |2 rdamedio 
338 |a volumen  |b nc  |2 rdasoporte 
440 5 |a (Los Presentes ;  |v 87) 
649 |a XX 
650 |a Cuentos Mexicanos 
650 |a Literatura Mexicana -  |y Siglo XX 
650 |a Literatura de Mujeres 
700 |a Carballo, Emmanuel  |e (prólogo) 
910 |a Fondo Salvador Reynoso Reynoso 
920 |a Impresos - Libros 
930 |a Fondos Especiales 
940 |a Literatura 
905 |a 112 
901 |a 0800014643  |b IT2  |c ESP  |u 20250521 
902 |a https://opac.biblio.iteso.mx/vufind/Record/000139728